Elli, koñca halu kiri. (Record no. 57773)

MARC details
000 -LEADER
fixed length control field 00611cam a22002411 4500
001 - CONTROL NUMBER
control field sa 64003209
003 - CONTROL NUMBER IDENTIFIER
control field DLC
005 - DATE AND TIME OF LATEST TRANSACTION
control field 20260227112015.0
008 - FIXED-LENGTH DATA ELEMENTS--GENERAL INFORMATION
fixed length control field 890602q19601964ii a 000 0 kano
010 ## - LIBRARY OF CONGRESS CONTROL NUMBER
LC control number sa 64003209
035 ## - SYSTEM CONTROL NUMBER
System control number (OCoLC)19807879
040 ## - CATALOGING SOURCE
Original cataloging agency DLC
Transcribing agency WaU
Modifying agency DLC
042 ## - AUTHENTICATION CODE
Authentication code premarc
043 ## - GEOGRAPHIC AREA CODE
Geographic area code a-ii---
050 00 - LIBRARY OF CONGRESS CALL NUMBER
Classification number PN6267.K3
Item number B5
100 1# - MAIN ENTRY--PERSONAL NAME
Personal name Bhūpālaṃ, Vasudēva,
Dates associated with a name 1922-1985.
245 10 - TITLE STATEMENT
Title Elli, koñca halu kiri.
260 ## - PUBLICATION, DISTRIBUTION, ETC.
Date of publication, distribution, etc. [196-?]
300 ## - PHYSICAL DESCRIPTION
Extent ii, ii, 71 p.
Other physical details illus.
Dimensions 18 cm.
500 ## - GENERAL NOTE
General note In Kannada.
650 #0 - SUBJECT ADDED ENTRY--TOPICAL TERM
Topical term or geographic name entry element Anecdotes
Geographic subdivision India.
650 #0 - SUBJECT ADDED ENTRY--TOPICAL TERM
Topical term or geographic name entry element Kannada wit and humor.

No items available.

Powered by Koha